Estados Unidos y los conflictos internacionales

Guardado en:
Bibliografiske detaljer
Institution som forfatter: IEPALA
Format: Texto
Udgivet: Madrid: Fundamentos
Tags: Tilføj Tag
Ingen Tags, Vær først til at tagge denne postø!

MARC

LEADER 00000 a a2200000 04500
001 25496
003
040
020 |a 84-254-0437-2  
090 |a 152802  
110 |a IEPALA  
245 |a Estados Unidos y los conflictos internacionales  
260 |a Madrid:   |b Fundamentos  
300 |a 209 p.  
999 |c 1020  |d 1020